000 00402nam a2200169Ia 4500
001 24217
003 IN-NITTTR
005 20251114233310.0
008 251113s9999||||xx |||||||||||||| ||eng||
040 _beng
040 _cIN-NITTTR
041 _aeng
082 _a004.62 F329S
100 _aFeit, Sidnie M
245 0 _aSNMP :
_b a guide to network management. /
_cFeit, Sidnie M
942 _2ddc
_cBK
999 _c26846
_d26846